Catálogo

Vista normal Vista MARC

Entrada Personal Name

Número de registros utilizados en: 1

001 - CONTROL NUMBER

  • control field: 9579

003 - CONTROL NUMBER IDENTIFIER

  • control field: DLC

005 - DATE AND TIME OF LATEST TRANSACTION

  • control field: 20190711163608.0

008 - FIXED-LENGTH DATA ELEMENTS

  • fixed length control field: 011227n| acannaabn |n aaa

010 ## - LIBRARY OF CONGRESS CONTROL NUMBER

  • LC control number: n 2001002021

040 ## - CATALOGING SOURCE

  • Original cataloging agency: DLC
  • Language of cataloging: spa
  • Transcribing agency: Mx-PuUPA
  • Modifying agency: Mx-PuUPA
  • Description conventions: rda

100 1# - HEADING--PERSONAL NAME

  • Personal name: Rabin, Steve,

372 ## - FIELD OF ACTIVITY

  • Field of activity: Computer games
  • Field of activity: Robotics

373 ## - ASSOCIATED GROUP

  • Associated group: Game Programming Gems
  • Associated group: University of Washington

374 ## - OCCUPATION

  • Occupation: Editor
  • Occupation: Written

375 ## - GENDER

  • Gender: hombre

377 ## - ASSOCIATED LANGUAGE

  • Language code: eng

670 ## - SOURCE DATA FOUND

  • Source citation: Rabin, Steve. AI Game Programming Wisdom, 2002:
  • Information found: t.p. (Steve Rabin)

670 ## - SOURCE DATA FOUND

  • Source citation: Biblioteca del congreso (Estados Unidos), 11 julio 2019:
  • Information found: catálogo electrónico
  • Uniform Resource Identifier: https://authorities.loc.gov/cgi-bin/Pwebrecon.cgi?AuthRecID=5543696&v1=1&HC=1&SEQ=20190711172554&PID=EMuA3_E0B_7L_wZR2XwQt5rqS2t